| 000 | 00630cam a22002291 4500 | ||
|---|---|---|---|
| 001 | 000487471 | ||
| 003 | AM-YeHGA | ||
| 005 | 20250617134304.0 | ||
| 008 | 700217t19681933mau||||||b||||000|0|eng|d | ||
| 040 | _aAM-YeHGA | ||
| 041 | 0 | _aeng | |
| 100 | 1 |
_aGoldenweiser, Alexander, _d1880-1940. |
|
| 245 | 1 | 0 |
_aHistory, psychology, and culture / _cAlexander Goldenweiser. |
| 260 |
_aGloucester, Mass. : _bP. Smith, _c1968. |
||
| 300 |
_axii, 475, xii p. ; _c24 cm. |
||
| 504 | _aBibliogr.: p. 459-475. | ||
| 650 | 0 | _aAnthropology | |
| 650 | 0 | _aEthnopsychology | |
| 650 | 0 | _aCivilization | |
| 650 | 0 | _aTotemism | |
| 090 | _c180851 | ||
| 999 |
_c179403 _d179403 |
||